Normal view
MARC view
Entry Personal Name
001 - CONTROL NUMBER
- control field: 43846
003 - CONTROL NUMBER IDENTIFIER
- control field: OSt
005 - DATE AND TIME OF LATEST TRANSACTION
- control field: 20240301155852.0
008 - FIXED-LENGTH DATA ELEMENTS
- fixed length control field: 240301|| aca||aabn | a|a d
040 ## - CATALOGING SOURCE
- Original cataloging agency: OSt
- Transcribing agency: OSt
100 ## - HEADING--PERSONAL NAME
- Personal name: Gandhi, Tushar
670 ## - SOURCE DATA FOUND
- Source citation: Work cat.: (OSt)525421: Gandhi, Tushar , The diary of Kastor, my BA, H Arper Collins Gurupgram, 2023, ix+299 pages, Rs. 399
